000
00200 a2200097 4500
001
28041
100
_a
Rourke, G G O
245
_a
F-4 Phantom II
260
_a
_b
ARCO Pub CO
_c
090
_c
18741
_d
18741
942
_a
NUST-CAE
_c
M
_c
9715
999
_c
263114
_d
263114